电影—我的荒谬 (Record no. 63473)

000 -LEADER
fixed length control field 00451nam a22001817a 4500
003 - CONTROL NUMBER IDENTIFIER
control field MPLRDC
005 - DATE AND TIME OF LATEST TRANSACTION
control field 20220104185748.0
008 - FIXED-LENGTH DATA ELEMENTS--GENERAL INFORMATION
fixed length control field 210129b ||||| |||| 00| 0 eng d
020 ## - INTERNATIONAL STANDARD BOOK NUMBER
International Standard Book Number 988-8039-99-9
082 ## - DEWEY DECIMAL CLASSIFICATION NUMBER
Classification number 987.32 DN
100 ## - MAIN ENTRY--PERSONAL NAME
Personal name 狄娜
245 ## - TITLE STATEMENT
Title 电影—我的荒谬
Statement of responsibility, etc.
250 ## - EDITION STATEMENT
Edition statement 第二版
260 ## - PUBLICATION, DISTRIBUTION, ETC.
Place of publication, distribution, etc. 香港
Name of publisher, distributor, etc. 蓝天图书 RED CORPORATION LIMITED
Date of publication, distribution, etc. 2010
300 ## - PHYSICAL DESCRIPTION
Other physical details
650 ## - SUBJECT ADDED ENTRY--TOPICAL TERM
Topical term or geographic name entry element 电影--演员
942 ## - ADDED ENTRY ELEMENTS (KOHA)
Koha item type Book
-- 987.32 DN
Holdings
Withdrawn status Lost status Source of classification or shelving scheme Damaged status Not for loan Collection code Home library Current library Shelving location Date acquired Cost, normal purchase price Total Checkouts Full call number Barcode Date last seen Date last checked out Price effective from Koha item type Public note
            Malaysian Public Library, Research and Development Centre Malaysian Public Library, Research and Development Centre   17/09/2010 55.00   987.32 DN 00057581 18/03/2021 06/01/2013 18/03/2021 Book mplrdc

© 2022. Malaysian Public Library, Research and Development Centre. All Right ReservedE-mailmplrdc@help.edu.my 

Powered by Koha